Missing Word: Easter Days Quiz Stats

 Plays Quiz Updated Mar 27, 2016

Challenge
Share
Tweet
Embed
Score 0/7 Timer 03:00
0 Plays Today
Missing Day % Correct
_____ FridayGood
95.9%
_____ SundayEaster
93.3%
_____ WednesdayAsh
91%
_____ SundayPalm
84.1%
_____ ThursdayMaundy
77.7%
_____ TuesdayShrove
76.2%
_____ MondayEaster
51.6%

Today's Daily Dose

You're not logged in!

Compare scores with friends on all Sporcle quizzes.
Join for Free
OR
Log In

You Might Also Like...

Show Comments

Extras

Top Quizzes Today


Score Distribution

Your Account Isn't Verified!

In order to create a playlist on Sporcle, you need to verify the email address you used during registration. Go to your Sporcle Settings to finish the process.

Report this User

Report this user for behavior that violates our Community Guidelines.

Details: